| 000 | 00641nam a22002057a 4500 | ||
|---|---|---|---|
| 001 | 8741 | ||
| 003 | FISKH | ||
| 005 | 20251016114003.0 | ||
| 008 | 251016b cb ||||| |||| 00| 0 eng d | ||
| 040 |
_aFISKH _bkhr _cFISKH _dFISKH |
||
| 050 | _aPZ7 | ||
| 082 | _a600 | ||
| 100 | _aPages-Peeters, Anaos | ||
| 245 |
_aអ្នកវិទ្យាសាស្រ្តតូច : _bLittle scientists / _cBy Amaos Pages-Peeters , JenniferAnne Bohl, Janatha Cox and Yama Socheata |
||
| 260 | _c2017. | ||
| 300 |
_a15 pages : _bcolor illustrations ; _c28 cm . |
||
| 700 |
_aPuthida, Bou _eIllustrator |
||
| 942 |
_2ddc _cKHB _n0 |
||
| 999 |
_c8741 _d8741 |
||